<?xml version='1.0' encoding='UTF-8'?>
  <record xmlns="http://www.loc.gov/MARC21/slim">
    <leader>00000nam a22000007i 4500</leader>
    <controlfield tag="001">ocn974109072</controlfield>
    <controlfield tag="003">OCoLC</controlfield>
    <controlfield tag="005">20250622001439.6</controlfield>
    <controlfield tag="008">991018s1776    ne            000 0 dut d</controlfield>
    <datafield tag="040" ind1=" " ind2=" ">
      <subfield code="a">QGJ</subfield>
      <subfield code="b">dut</subfield>
      <subfield code="c">QGJ</subfield>
      <subfield code="d">OCLCL</subfield>
      <subfield code="d">OCLCQ</subfield>
    </datafield>
    <datafield tag="035" ind1=" " ind2=" ">
      <subfield code="a">(OCoLC)974109072</subfield>
    </datafield>
    <datafield tag="100" ind1="1" ind2=" ">
      <subfield code="a">Marum, Martinus van.</subfield>
    </datafield>
    <datafield tag="245" ind1="1" ind2="0">
      <subfield code="a">Verhandeling over het electrizeeren, in welke de beschryving en afbeelding van ene nieuw uitgevondene electrizeer-machine, benevens enige nieuwe proeven uitgedagt en in 't werk gesteld door den auteur, en Gerhard Kuyper, physische-instument-maker te Groningen /</subfield>
      <subfield code="c">door Martinus van Marum.</subfield>
    </datafield>
    <datafield tag="264" ind1=" " ind2="1">
      <subfield code="a">Te Groningen [etc.] :</subfield>
      <subfield code="b">voor rekening van Yntema en Tieboel,</subfield>
      <subfield code="c">1776.</subfield>
    </datafield>
    <datafield tag="300" ind1=" " ind2=" ">
      <subfield code="a">[4], XVI, 96 p., 2 bl. pl. :</subfield>
      <subfield code="b">ill. ;</subfield>
      <subfield code="c">21 cm</subfield>
    </datafield>
    <datafield tag="336" ind1=" " ind2=" ">
      <subfield code="a">tekst</subfield>
      <subfield code="b">txt</subfield>
      <subfield code="2">rdacontent/dut</subfield>
    </datafield>
    <datafield tag="337" ind1=" " ind2=" ">
      <subfield code="a">zonder medium</subfield>
      <subfield code="b">n</subfield>
      <subfield code="2">rdamedia/dut</subfield>
    </datafield>
    <datafield tag="338" ind1=" " ind2=" ">
      <subfield code="a">band</subfield>
      <subfield code="b">nc</subfield>
      <subfield code="2">rdacarrier/dut</subfield>
    </datafield>
    <datafield tag="340" ind1=" " ind2=" ">
      <subfield code="m">8-o.</subfield>
    </datafield>
    <datafield tag="562" ind1=" " ind2=" ">
      <subfield code="a">VA: 177608 - 1a1=1a2 * eg - 2a1 * n : 2a2 *5 ag - b1 A e : b2 F5 gts.</subfield>
      <subfield code="5">NL-UtRU</subfield>
    </datafield>
    <datafield tag="562" ind1=" " ind2=" ">
      <subfield code="a">Binding note: Mil Hosp M 122 dl 6.</subfield>
      <subfield code="5">NL-UtRU</subfield>
    </datafield>
    <datafield tag="500" ind1=" " ind2=" ">
      <subfield code="a">Imprint: Te Groningen, Voor Rekening van Tntema en Tieboel, Boekverkoopers te Amsterdam 1776.</subfield>
    </datafield>
    <datafield tag="530" ind1=" " ind2=" ">
      <subfield code="a">Also available in online version.</subfield>
    </datafield>
    <datafield tag="700" ind1="0" ind2=" ">
      <subfield code="a">Willem</subfield>
      <subfield code="b">V,</subfield>
      <subfield code="c">prins van Oranje,</subfield>
      <subfield code="e">dedicatee.</subfield>
      <subfield code="4">dte</subfield>
    </datafield>
    <datafield tag="758" ind1=" " ind2=" ">
      <subfield code="a">Verhandeling over het electrizeeren (Text)</subfield>
      <subfield code="1">https://id.oclc.org/worldcat/entity/E39PCFMRFtF7F9qkTk9PcfTFPP</subfield>
      <subfield code="4">https://id.oclc.org/worldcat/ontology/hasWork</subfield>
    </datafield>
    <datafield tag="776" ind1="0" ind2="8">
      <subfield code="i">Online version:</subfield>
      <subfield code="a">Marum, Martinus van</subfield>
      <subfield code="t">Verhandeling over het electrizeeren, in welke de beschryving en afbeelding van ene nieuw uitgevondene electrizeer-machine, benevens enige nieuwe proeven uitgedagt en in 't werk gesteld door den auteur, en Gerhard Kuyper, physische-instument-maker te Groningen.</subfield>
      <subfield code="d">Te Groningen [etc.] : voor rekening van Yntema en Tieboel, 1776.</subfield>
    </datafield>
    <datafield tag="856" ind1="4" ind2="1">
      <subfield code="u">http://objects.library.uu.nl/reader/resolver.php?obj=000717113&amp;type=2</subfield>
      <subfield code="x">Online</subfield>
      <subfield code="z">Full Text</subfield>
    </datafield>
    <datafield tag="936" ind1=" " ind2=" ">
      <subfield code="a">BATCHLOAD</subfield>
    </datafield>
  </record>